Libreta del centauro copulante /

Kaydedildi:
Detaylı Bibliyografya
Yazar: Noriega, Enrique
Materyal Türü: Bilinmiyor
Dil:Spanish
Baskı/Yayın Bilgisi: Guatemala: Ediciones del Cadejo, 1994
Edisyon:1. edición
Konular:
Etiketler: Etiketle
Etiket eklenmemiş, İlk siz ekleyin!

MARC

LEADER 000000000a22000000004500
001 001007
008 170621s1994 gt ||||| |||| 00| p spa d
041 0 |a español 
082 |a G861.4  |b N841L 
100 1 |a Noriega, Enrique 
245 1 0 |a Libreta del centauro copulante /  |c Enrique Noriega 
250 |a 1. edición 
260 |a Guatemala:   |b Ediciones del Cadejo,   |c 1994 
300 |a 60 páginas :   |b ilustraciones 
500 |a Número de inscripción 14080 
650 1 4 |a LITERATURA GUATEMALTECA  |v POESÍA 
942 |2 ddc  |c BK 
999 |c 2134  |d 2134